| 000 | 00828cam a22002655a 4500 | ||
|---|---|---|---|
| 001 | 17699318 | ||
| 005 | 20151028114513.0 | ||
| 008 | 130416s2014 enka frbd 001 0 eng d | ||
| 020 | _a9781446240991 | ||
| 040 |
_aDLC _beng _cDLC _dEG-ScBUE |
||
| 082 | 0 | 4 |
_222 _a610.73 _bMOU |
| 100 | 1 |
_aMoule, Pam. _938378 |
|
| 245 | 1 | 0 |
_aNursing research : _ban introduction / _cPam Moule and Margaret Goodman. |
| 250 | _a2nd ed. | ||
| 260 |
_aLondon : _bSAGE Publication Ltd., _c2014. |
||
| 300 |
_axxiv, 472 p. : _bill. ; _c23 cm. |
||
| 500 | _aIndex : p. 467-472. | ||
| 500 | _aGlossary : p. 454-466. | ||
| 504 | _aBibliography : p. 451-452. | ||
| 650 | 7 |
_aNursing _xResearch _xMethodology. _2BUEsh _936305 |
|
| 651 | _2BUEsh | ||
| 653 |
_bNNUR _cJune2015 _cAugust2015 _cOctober2015 |
||
| 700 | 1 |
_aGoodman, Margaret, _cDr. |
|
| 942 | _2ddc | ||
| 999 |
_c19709 _d19681 |
||